Гидрогеологическое прогнозирование: пер. с англ.

Detalhes bibliográficos
Outros Autores: Андерсон М. Г. (редактор), Берт Т. П.
Idioma:russo
Publicado em: Москва, Мир, 1988
Assuntos:
Formato: Livro
KOHA link:https://koha.lib.tpu.ru/cgi-bin/koha/opac-detail.pl?biblionumber=373443

MARC

LEADER 00000nam0a2200000 4500
001 373443
005 20231102012551.0
010 |a 5030015477 
035 |a (RuTPU)RU\TPU\retro\30872 
035 |a RU\TPU\book\270787 
090 |a 373443 
100 |a 20221216d1988 k y0rusy50 ca 
101 1 |a rus  |c eng 
102 |a RU 
105 |a a z 000zy 
200 1 |a Гидрогеологическое прогнозирование  |e пер. с англ.  |f под ред. М. Г. Андерсона и Т. П. Берта 
210 |a Москва  |c Мир  |d 1988 
215 |a 736 с.  |c ил. 
606 1 |a Гидрогеологические прогнозы  |2 stltpush  |3 (RuTPU)RU\TPU\subj\6624  |9 34459 
610 1 |a гидросфера 
610 1 |a прогноз 
610 1 |a моделирование 
610 1 |a радиолокация 
610 1 |a гидрогеология 
675 |a 556.3.06  |v 3 
702 1 |a Андерсон  |b М. Г.  |4 340 
702 1 |a Берт  |b Т. П.  |4 340 
801 1 |a RU  |b 63413507  |c 20140128 
801 2 |a RU  |b 63413507  |c 20221216  |g RCR 
942 |c BK